00779nam a2200193 a 450000100100000000500170001000800410002702000150006804000250008310000230010824500820013126001070021330000210032049000400034150400330038150000420041471000890045683000400054500003920420201002031537.0130611s2004 sp 000 0 spa d a8400082877 aDO-SdBNPbspacBNPHU1 aChicharro, Antonio10aPara una historia del pensamiento literario en España /cAntonio Chicharro. aMadrid :bConsejo Superior de Investigaciones Científicas, Instituto de la Lengua Española,c2004. a353 p. ;c28 cm.1 aAnejos de revista de literaturav64 aBibliografía : p. 331- 349 aIncluye notas al pie de las páginas2 aConsejo Superior de Investigaciones Científicas, Instituto de la Lengua Española 0aAnejos de revista de literaturav64